00419 2200169 4500001002100000008004100021035002000062245004100082100002400123250000600147260003600153300001200189084001400201082000800215650001400223990001200237INLIS000000000001011 ind  a0010-0524000246 aKifayatul AkhyarcAL Imam Taqiyuddin aTaqiyuddin, Al Imam a1 aSurabaya :bPT. Bina Ilmuc1983 a550 hlm a200 ALI k a200 aNon Fiksi a0743988